Missing Word: Philippa Gregory Quiz Stats

 Plays Quiz not verified by Sporcle

Score 0/16 Timer 04:00
0 Plays Today
Title Missing Word % Correct
The _____ Boleyn GirlOther
95.7%
The _____ QueenWhite
93.6%
The _____ QueenRed
92%
The Other _____Queen
90.9%
The White _____Princess
81.3%
The Lady of the _____Rivers
71.1%
The Virgin's _____Lover
69.5%
The _____ DaughterKingmaker's
64.2%
Title Missing Word % Correct
The Boleyn _____Inheritance
58.8%
The _____ PrincessConstant
57.2%
The Queen's _____Fool
51.9%
The _____ of the QueenTaming
49.2%
The King's _____Curse
43.9%
Virgin _____Earth
32.6%
Earthly _____Joys
31.6%
The _____ ChildFavored
19.8%

You're not logged in!

Compare scores with friends on all Sporcle quizzes.
Join for Free
OR
Log In

You Might Also Like...

Show Comments

Extras

Top Quizzes Today


Score Distribution

Your Account Isn't Verified!

In order to create a playlist on Sporcle, you need to verify the email address you used during registration. Go to your Sporcle Settings to finish the process.

Report this User

Report this user for behavior that violates our Community Guidelines.

Details: